000 00605nam a2200193 i 4500
001 101211
003 ES-MaACL
005 20230906182839.0
007 t|
008 051014s1932 sp ||||1| spa d
100 1 _aMaurín, Joaquín.
_979263
245 1 3 _aLa revolución española
_b: de la monarquía absoluta a la revolución socialista /
_cpor Joaquín Maurin.
260 _aMadrid :
_bCenit,
_c1932.
300 _a196 p. ;
_c20 cm.
490 1 _aColección"Crítica Social"
830 0 _aColección"Crítica Social"
_9232468
852 _aES-MaACL
_jA-819
_bR.10835
999 _c101211
_d101211